000 00469nam a2200193Ia 4500
005 20240823031632.0
008 240823s9999||||xx |||||||||||||| ||und||
020 _a0-12-295750-4
041 _aENGLISH
082 _A516 L8
100 _aSamuel Eilenberg
245 0 _aPure and Applied Mathematics
250 _a1st
260 _c1978
_bAcademic
500 _aTRANSFERED
650 _aApplied Mathematics
_bMathematics
700 _a Hyman Bass
942 _cBK
999 _c191543
_d191543